Project management agreement and conditions of engagement (Record no. 99505)
[ view plain ]
| 000 -LEADER | |
|---|---|
| fixed length control field | 01371cam a2200289 4500 |
| 008 - FIXED-LENGTH DATA ELEMENTS--GENERAL INFORMATION | |
| fixed length control field | 090401t1999 xxu||||| |||| 00| 0 eng d |
| 020 ## - INTERNATIONAL STANDARD BOOK NUMBER | |
| International Standard Book Number | 0854069488 |
| 035 ## - SYSTEM CONTROL NUMBER | |
| System control number | (Sirsi) u99872 |
| 041 0# - LANGUAGE CODE | |
| Language code of text/sound track or separate title | eng |
| 050 04 - LIBRARY OF CONGRESS CALL NUMBER | |
| Classification number | 658.404 $2 18 |
| 110 2# - MAIN ENTRY--CORPORATE NAME | |
| Corporate name or jurisdiction name as entry element | Royal Institution of Chartered Surveyors |
| 9 (RLIN) | 4900 |
| 245 00 - TITLE STATEMENT | |
| Title | Project management agreement and conditions of engagement |
| Remainder of title | guidance note |
| 250 ## - EDITION STATEMENT | |
| Edition statement | 3rd ed. |
| 260 ## - PUBLICATION, DISTRIBUTION, ETC. | |
| Place of publication, distribution, etc. | London |
| Name of publisher, distributor, etc. | RICS |
| Date of publication, distribution, etc. | 1999 |
| 300 ## - PHYSICAL DESCRIPTION | |
| Extent | 15p. |
| Dimensions | 30cm. |
| 350 ## - PRICE (NR) (BK AM CF MU VM SE) [OBSOLETE] | |
| Price | 8.50 |
| 490 #0 - SERIES STATEMENT | |
| Series statement | RICS Guidance Note |
| 520 ## - SUMMARY, ETC. | |
| Summary, etc. | Provides an explaination of the clauses contained within the agreement. Includes examples of the services that can be included in the schedule, together with advice on using the other appendices. |
| 520 ## - SUMMARY, ETC. | |
| Summary, etc. | For use in conjunction with "Project management memorandum of agreement and conditions of engagement" (ISBN 085406947X) |
| 520 ## - SUMMARY, ETC. | |
| Summary, etc. | Supersedes second edition "Project management agreement and conditions of engagement : guidance note for use in conjunction with the memorandum of agreement between client and project manager and conditions of engagement dated May 1992" (ISBN 0854065318). |
| 650 24 - SUBJECT ADDED ENTRY--TOPICAL TERM | |
| Topical term or geographic name entry element | RICS PROJECT MANAGEMENT MEMORANDUM OF AGREEMENT AND CONDITIONS OF ENGAGEMENT |
| 651 #4 - SUBJECT ADDED ENTRY--GEOGRAPHIC NAME | |
| Geographic name | England and Wales |
| Chronological subdivision | 1543- |
| 690 ## - LOCAL SUBJECT ADDED ENTRY--TOPICAL TERM (OCLC, RLIN) | |
| Topical term or geographic name as entry element | Project management |
| 9 (RLIN) | 6261 |
| 942 ## - ADDED ENTRY ELEMENTS (KOHA) | |
| Suppress in OPAC | 0 |
| 948 ## - LOCAL PROCESSING INFORMATION (OCLC); SERIES PART DESIGNATOR (RLIN) | |
| c (OCLC) | 27/04/1999 |
| Withdrawn status | Lost status | Source of classification or shelving scheme | Damaged status | Not for loan | Home library | Current library | Shelving location | Date acquired | Total Checkouts | Full call number | Barcode | Date last seen | Copy number | Price effective from | Koha item type | Date last checked out | Public note |
|---|---|---|---|---|---|---|---|---|---|---|---|---|---|---|---|---|---|
| Dewey Decimal Classification | London | London | RICS Boxes | 05/01/2000 | RICS 2000/1 | 30060127 | 06/08/2019 | 1 | 06/08/2019 | Archive | |||||||
| London | London | RICS Boxes | 05/01/2000 | RICS 2000/1 | 30060384 | 25/01/2024 | 2 | 06/08/2019 | Reference material | ||||||||
| Dewey Decimal Classification | London | London | RICS Boxes | 05/01/2000 | 33 | RICS 2000/1 | 30060385 | 06/08/2019 | 3 | 06/08/2019 | Book | 06/10/2008 | |||||
| Dewey Decimal Classification | Virtual | Virtual | Online | 25/01/2024 | SCAN | 25/01/2024 | 4 | 25/01/2024 | Online material | Please contact [email protected] to request a digital copy |